000 01395nas a2200217 i 4500
001 768714001
003 CO-MdFUSB
005 20240826082419.0
008 220909t1994 ck ||||| |||| 00| 0 spa d
022 _a01200828
040 _bspa
_cCO-MdFUSB
_dCO-MdFUSB
041 _aspa
100 _aUsme Sánchez, José Duvier,
_eautor
245 1 4 _aLos Indios Koreguaje :
_bimpacto de la bonanza de la coca en su cultura.
_c/ José Duvier Usme Sánchez , Ana Leticia Hoyos Salazar
520 _aLa parte central empieza planteando un análisis a partir de la nueva significación del uso de la coca como objeto que representa un valor monetario. El análisis de la cultura Koreguaje en la actualidad y de los cambios que ha sufrido por el impacto de la bonanza coquera, se tratan por segmentos culturales del sistema económico, la estructura social y el sistema ideológico. Finalmente, tratamos de resumir los principales resultados y de facilitar algunas recomendaciones generales para superar la crisis actual que viven los indígenas Koreguaje, como consecuencia de una inesperada bonanza coquera.
650 7 _96714
_aAntropología cultural y social
700 _aHoyos Salazar, Ana Leticia,
_eautor
773 0 _049438
_981257
_dCentro Antropológico Colombiano
_oR1693
_tEthnia
_w(CO-MdFUSB)768714001
_gVolumen 74, (octubre, 1994), páginas: 6 - 95
_qpágina: 6
942 _cANA
945 _aAF
999 _c68132
_d68132